[Event "Tournoi élite du Barreau de Paris"]
[Site "Paris, France"]
[Date "2021.09.18"]
[Round "7.1"]
[White "Vlachos, Anatole"]
[Black "Kuhn, Clement"]
[Result "1-0"]
[TimeControl "90'+30\""]
[WhiteTitle "IM"]
[BlackTitle "FM"]
[WhiteElo "2421"]
[BlackElo "2302"]

1. e4 {[%clk 01:30:58]} c5 {[%clk 01:30:47]} {[%emt 00:00:13]} 2. Nf3 {[%clk
01:31:24]} {[%emt 00:00:04]} d6 {[%clk 01:31:10]} {[%emt 00:00:07]} 3. Bb5+
{[%clk 01:31:50]} {[%emt 00:00:04]} Nd7 {[%clk 01:31:34]} {[%emt 00:00:06]} 4.
Ba4 {[%clk 01:32:15]} {[%emt 00:00:05]} a6 {[%clk 01:31:13]} {[%emt 00:00:51]}
5. c4 {[%clk 01:32:41]} {[%emt 00:00:04]} Ngf6 {[%clk 01:31:39]} {[%emt
00:00:04]} 6. O-O {[%clk 01:32:48]} {[%emt 00:00:22]} g6 {[%clk 01:31:50]}
{[%emt 00:00:20]} 7. Nc3 {[%clk 01:33:13]} {[%emt 00:00:05]} Bg7 {[%clk
01:32:17]} {[%emt 00:00:03]} 8. h3 {[%clk 01:33:36]} {[%emt 00:00:07]} O-O
{[%clk 01:32:41]} {[%emt 00:00:06]} 9. d3 {[%clk 01:34:04]} {[%emt 00:00:03]}
b6 {[%clk 01:27:46]} {[%emt 00:05:25]} 10. Be3 {[%clk 01:33:21]} {[%emt
00:01:13]} Bb7 {[%clk 01:27:49]} {[%emt 00:00:28]} 11. Qd2 {[%clk 01:33:47]}
{[%emt 00:00:04]} Ne5 {[%clk 01:21:44]} {[%emt 00:06:35]} 12. Nh2 {[%clk
01:33:38]} {[%emt 00:00:38]} Nc6 {[%clk 01:13:16]} {[%emt 00:08:59]} 13. Bxc6
{[%clk 01:34:01]} {[%emt 00:00:07]} Bxc6 {[%clk 01:13:41]} {[%emt 00:00:04]} 14.
Bh6 {[%clk 01:34:26]} {[%emt 00:00:04]} b5 {[%clk 01:09:59]} {[%emt 00:04:13]}
15. Rae1 {[%clk 01:32:59]} {[%emt 00:01:56]} e6 {[%clk 01:04:03]} {[%emt
00:06:26]} 16. Bxg7 {[%clk 01:32:24]} {[%emt 00:01:05]} Kxg7 {[%clk 01:03:27]}
{[%emt 00:01:07]} 17. f4 {[%clk 01:32:25]} {[%emt 00:00:27]} bxc4 {[%clk
00:57:51]} {[%emt 00:06:07]} 18. dxc4 {[%clk 01:32:33]} {[%emt 00:00:21]} d5
{[%clk 00:57:11]} {[%emt 00:01:11]} 19. cxd5 {[%clk 01:27:05]} {[%emt
00:05:58]} exd5 {[%clk 00:57:25]} {[%emt 00:00:16]} 20. e5 {[%clk 01:27:19]}
{[%emt 00:00:15]} Ne4 {[%clk 00:57:18]} {[%emt 00:00:38]} 21. Nxe4 {[%clk
01:18:42]} {[%emt 00:09:07]} dxe4 {[%clk 00:57:47]} {[%emt 00:00:02]} 22. Qc1
{[%clk 01:18:04]} {[%emt 00:01:07]} Qd4+ {[%clk 00:51:12]} {[%emt 00:07:05]} 23.
Rf2 {[%clk 01:16:11]} {[%emt 00:02:22]} Rad8 {[%clk 00:43:21]} {[%emt
00:08:22]} 24. Ng4 {[%clk 01:14:45]} {[%emt 00:01:56]} h5 {[%clk 00:39:36]}
{[%emt 00:04:15]} 25. Nf6 {[%clk 01:13:28]} {[%emt 00:01:44]} Rh8 {[%clk
00:37:08]} {[%emt 00:03:01]} 26. b3 {[%clk 01:02:44]} {[%emt 00:11:14]} Bb7
{[%clk 00:36:18]} {[%emt 00:01:20]} 27. Qe3 {[%clk 00:52:55]} {[%emt 00:10:18]}
Qxe3 {[%clk 00:26:23]} {[%emt 00:10:25]} 28. Rxe3 {[%clk 00:53:23]} {[%emt
00:00:02]} Rd1+ {[%clk 00:25:41]} {[%emt 00:01:12]} 29. Kh2 {[%clk 00:53:38]}
{[%emt 00:00:15]} Rhd8 {[%clk 00:25:48]} {[%emt 00:00:23]} 30. Nxe4 {[%clk
00:53:18]} {[%emt 00:00:49]} Bxe4 {[%clk 00:26:12]} {[%emt 00:00:07]} 31. Rxe4
{[%clk 00:53:46]} {[%emt 00:00:02]} Rc1 {[%clk 00:26:15]} {[%emt 00:00:28]} 32.
f5 {[%clk 00:51:15]} {[%emt 00:03:00]} gxf5 {[%clk 00:19:19]} {[%emt 00:07:27]}
33. Rxf5 {[%clk 00:50:12]} {[%emt 00:01:33]} Rd4 {[%clk 00:19:34]} {[%emt
00:00:15]} 34. Ref4 {[%clk 00:47:42]} {[%emt 00:02:59]} Rxf4 {[%clk 00:19:15]}
{[%emt 00:00:51]} 35. Rxf4 {[%clk 00:48:10]} {[%emt 00:00:01]} Re1 {[%clk
00:18:28]} {[%emt 00:01:17]} 36. Rf5 {[%clk 00:40:29]} {[%emt 00:08:11]} Re2
{[%clk 00:15:40]} {[%emt 00:03:19]} 37. a4 {[%clk 00:35:56]} {[%emt 00:05:03]}
Kg6 {[%clk 00:09:36]} {[%emt 00:06:33]} 38. Rf6+ {[%clk 00:33:58]} {[%emt
00:02:28]} Kg5 {[%clk 00:09:56]} {[%emt 00:00:11]} 39. Rxf7 {[%clk 00:24:59]}
{[%emt 00:09:28]} Rxe5 {[%clk 00:10:04]} {[%emt 00:00:22]} 40. Rc7 {[%clk
00:22:26]} {[%emt 00:03:02]} Kf4 {[%clk 00:04:20]} {[%emt 00:06:16]} 41. Rc6
{[%clk 00:22:25]} {[%emt 00:00:30]} a5 {[%clk 00:03:57]} {[%emt 00:00:54]} 42.
Rb6 {[%clk 00:22:10]} {[%emt 00:00:44]} Ke3 {[%clk 00:02:17]} {[%emt 00:02:10]}
43. Rb5 {[%clk 00:21:31]} {[%emt 00:01:10]} Kf2 {[%clk 00:01:51]} {[%emt
00:00:56]} 44. h4 {[%clk 00:21:25]} {[%emt 00:00:35]} Re4 {[%clk 00:01:26]}
{[%emt 00:00:56]} 45. g3 {[%clk 00:21:53]} {[%emt 00:00:02]} Re5 {[%clk
00:00:36]} {[%emt 00:01:20]} 46. Rxa5 {[%clk 00:21:28]} {[%emt 00:00:55]} Kf3
{[%clk 00:00:39]} {[%emt 00:00:27]} 47. Ra8 {[%clk 00:21:33]} {[%emt 00:00:24]}
Re3 {[%clk 00:00:41]} {[%emt 00:00:28]} 48. Rf8+ {[%clk 00:21:40]} {[%emt
00:00:21]} Ke2 {[%clk 00:00:59]} {[%emt 00:00:15]} 49. Rf5 {[%clk 00:21:59]}
{[%emt 00:00:11]} Rxb3 {[%clk 00:01:14]} {[%emt 00:00:16]} 50. Rxc5 {[%clk
00:22:21]} {[%emt 00:00:07]} Ra3 {[%clk 00:01:09]} {[%emt 00:00:36]} 51. a5
{[%clk 00:22:43]} {[%emt 00:00:07]} Kf3 {[%clk 00:01:18]} {[%emt 00:00:20]} 52.
Rf5+ {[%clk 00:23:07]} {[%emt 00:00:06]} Ke3 {[%clk 00:01:39]} {[%emt
00:00:09]} 53. Rxh5 {[%clk 00:23:31]} {[%emt 00:00:06]} Kf3 {[%clk 00:02:04]}
{[%emt 00:00:06]} 54. Rf5+ {[%clk 00:23:43]} {[%emt 00:00:18]} Kg4 {[%clk
00:02:32]} {[%emt 00:00:02]} 55. Rg5+ {[%clk 00:24:05]} {[%emt 00:00:08]} Kf3
{[%clk 00:02:57]} {[%emt 00:00:05]} 56. h5 {[%clk 00:22:53]} {[%emt 00:01:40]}
Ra2+ {[%clk 00:03:17]} {[%emt 00:00:12]} 57. Kh3 {[%clk 00:23:22]} {[%emt
00:00:01]} Ra1 {[%clk 00:03:21]} {[%emt 00:00:26]} 58. Rf5+ {[%clk 00:23:50]}
{[%emt 00:00:02]} Ke4 {[%clk 00:03:45]} {[%emt 00:00:06]} 59. Kg4 {[%clk
00:23:37]} {[%emt 00:00:43]} Rh1 {[%clk 00:03:34]} {[%emt 00:00:41]} 60. Rf4+
{[%clk 00:23:57]} {[%emt 00:00:10]} Ke5 {[%clk 00:04:02]} {[%emt 00:00:02]} 61.
Ra4 {[%clk 00:24:19]} {[%emt 00:00:08]} Rd1 {[%clk 00:04:20]} {[%emt 00:00:12]}
62. a6 {[%clk 00:24:38]} {[%emt 00:00:12]} Rd8 {[%clk 00:04:48]} {[%emt
00:00:02]} 63. a7 {[%clk 00:25:03]} {[%emt 00:00:06]} Ra8 {[%clk 00:05:11]}
{[%emt 00:00:06]} 64. Ra6 {[%clk 00:25:24]} {[%emt 00:00:09]} Rg8+ {[%clk
00:05:35]} {[%emt 00:00:05]} 65. Kh4 {[%clk 00:25:37]} {[%emt 00:00:16]} Ra8
{[%clk 00:05:58]} {[%emt 00:00:09]} 66. h6 {[%clk 00:26:00]} {[%emt 00:00:07]}
Kf5 {[%clk 00:06:22]} {[%emt 00:00:06]} 67. g4+ {[%clk 00:26:21]} {[%emt
00:00:10]} Kf4 {[%clk 00:06:45]} {[%emt 00:00:07]} 68. g5 {[%clk 00:26:42]}
{[%emt 00:00:08]} Kf5 {[%clk 00:07:08]} {[%emt 00:00:07]} 69. g6 {[%clk
00:27:05]} {[%emt 00:00:07]} 1-0


[ePGN "0.1;DGT LiveChess/2.2.5"]

[Event "Tournoi élite du Barreau de Paris"]
[Site "Paris, France"]
[Date "2021.09.18"]
[Round "8.2"]
[White "Travadon, Loic"]
[Black "Vlachos, Anatole"]
[Result "1/2-1/2"]
[TimeControl "90'+30\""]
[WhiteTitle "IM"]
[BlackTitle "IM"]
[WhiteElo "2429"]
[BlackElo "2421"]

1. d4 {[%clk 01:22:55]} {[%emt 00:08:03]} d5 {[%clk 01:30:38]} {[%emt
00:00:21]} 2. Bf4 {[%clk 01:23:16]} {[%emt 00:00:09]} Nf6 {[%clk 01:30:31]}
{[%emt 00:00:37]} 3. e3 {[%clk 01:23:43]} {[%emt 00:00:04]} e6 {[%clk
01:30:58]} {[%emt 00:00:03]} 4. Nf3 {[%clk 01:23:51]} {[%emt 00:00:21]} Bd6
{[%clk 01:31:16]} {[%emt 00:00:12]} 5. Nbd2 {[%clk 01:24:15]} {[%emt 00:00:06]}
O-O {[%clk 01:28:37]} {[%emt 00:03:09]} 6. Bd3 {[%clk 01:24:37]} {[%emt
00:00:08]} Bxf4 {[%clk 01:28:18]} {[%emt 00:00:50]} 7. exf4 {[%clk 01:25:04]}
{[%emt 00:00:03]} b6 {[%clk 01:28:40]} {[%emt 00:00:08]} 8. Qe2 {[%clk
01:24:59]} {[%emt 00:00:35]} a5 {[%clk 01:29:06]} {[%emt 00:00:04]} 9. O-O
{[%clk 01:24:56]} {[%emt 00:00:34]} Ba6 {[%clk 01:29:10]} {[%emt 00:00:26]} 10.
Ne5 {[%clk 01:25:10]} {[%emt 00:00:15]} c5 {[%clk 01:28:47]} {[%emt 00:00:53]}
11. dxc5 {[%clk 01:25:15]} {[%emt 00:00:25]} bxc5 {[%clk 01:27:44]} {[%emt
00:01:32]} 12. c4 {[%clk 01:25:40]} {[%emt 00:00:05]} Nbd7 {[%clk 01:24:57]}
{[%emt 00:03:18]} 13. Ndf3 {[%clk 01:25:53]} {[%emt 00:00:16]} dxc4 {[%clk
01:19:52]} {[%emt 00:05:34]} 14. Nxc4 {[%clk 01:25:36]} {[%emt 00:00:48]} Nd5
{[%clk 01:18:35]} {[%emt 00:01:47]} 15. g3 {[%clk 01:25:58]} {[%emt 00:00:08]}
N7b6 {[%clk 01:07:02]} {[%emt 00:12:03]} 16. Rfd1 {[%clk 01:24:32]} {[%emt
00:01:55]} Nxc4 {[%clk 01:04:24]} {[%emt 00:03:08]} 17. Bxc4 {[%clk 01:23:08]}
{[%emt 00:01:54]} Bxc4 {[%clk 01:04:21]} {[%emt 00:00:33]} 18. Qxc4 {[%clk
01:23:36]} {[%emt 00:00:03]} Qb6 {[%clk 01:04:34]} {[%emt 00:00:17]} 19. Rd2
{[%clk 01:23:46]} {[%emt 00:00:20]} Rfc8 {[%clk 00:47:36]} {[%emt 00:17:27]} 20.
Ne5 {[%clk 01:21:59]} {[%emt 00:02:17]} Qb4 {[%clk 00:46:05]} {[%emt 00:02:01]}
21. Qe2 {[%clk 01:22:07]} {[%emt 00:00:22]} c4 {[%clk 00:21:42]} {[%emt
00:24:54]} 22. Rd4 {[%clk 01:22:15]} {[%emt 00:00:21]} Nb6 {[%clk 00:21:53]}
{[%emt 00:00:19]} 23. Rad1 {[%clk 01:22:16]} {[%emt 00:00:29]} Qc5 {[%clk
00:20:39]} {[%emt 00:01:44]} 24. Qh5 {[%clk 01:20:06]} {[%emt 00:02:41]} Qe7
{[%clk 00:17:48]} {[%emt 00:03:21]} 25. Qf3 {[%clk 01:20:08]} {[%emt 00:00:28]}
Qc7 {[%clk 00:06:37]} {[%emt 00:11:41]} 26. Rd7 {[%clk 01:09:51]} {[%emt
00:10:47]} Nxd7 {[%clk 00:07:00]} {[%emt 00:00:07]} 27. Rxd7 {[%clk 01:10:18]}
{[%emt 00:00:03]} Qc5 {[%clk 00:05:41]} {[%emt 00:01:44]} 28. Nxf7 {[%clk
01:10:04]} {[%emt 00:00:48]} Ra7 {[%clk 00:04:20]} {[%emt 00:01:52]} 29. Rxa7
{[%clk 01:09:50]} {[%emt 00:00:44]} Qxa7 {[%clk 00:04:49]} {[%emt 00:00:02]} 30.
Ne5 {[%clk 01:09:52]} {[%emt 00:00:28]} Qd4 {[%clk 00:03:25]} {[%emt 00:01:54]}
31. Qg4 {[%clk 01:08:47]} {[%emt 00:01:35]} Re8 {[%clk 00:03:31]} {[%emt
00:00:23]} 32. Qh5 {[%clk 01:09:06]} {[%emt 00:00:11]} g6 {[%clk 00:03:18]}
{[%emt 00:00:44]} 33. Qe2 {[%clk 01:08:59]} {[%emt 00:00:37]} Rd8 {[%clk
00:03:35]} {[%emt 00:00:13]} 34. Kg2 {[%clk 01:08:52]} {[%emt 00:00:37]} Qd2
{[%clk 00:02:25]} {[%emt 00:01:37]} 35. Qg4 {[%clk 01:09:12]} {[%emt 00:00:13]}
Re8 {[%clk 00:02:27]} {[%emt 00:00:28]} 36. Qg5 {[%clk 01:05:01]} {[%emt
00:04:41]} Qxb2 {[%clk 00:02:19]} {[%emt 00:00:37]} 37. Ng4 {[%clk 01:03:52]}
{[%emt 00:01:40]} Qb7+ {[%clk 00:00:47]} {[%emt 00:02:02]} 38. Kh3 {[%clk
01:04:20]} {[%emt 00:00:01]} c3 {[%clk 00:00:45]} {[%emt 00:00:31]} 39. Nf6+
{[%clk 01:04:30]} {[%emt 00:00:21]} Kf7 {[%clk 00:01:07]} {[%emt 00:00:07]} 40.
Ng4 {[%clk 01:03:47]} {[%emt 00:01:14]} Kg8 {[%clk 00:01:16]} {[%emt 00:00:21]}
41. Qc5 {[%clk 01:03:30]} {[%emt 00:00:46]} Qg7 {[%clk 00:00:37]} {[%emt
00:01:09]} 42. Ne5 {[%clk 01:03:59]} {[%emt 00:00:02]} g5 {[%clk 00:00:38]}
{[%emt 00:00:29]} 43. Qxc3 {[%clk 01:02:03]} {[%emt 00:02:26]} gxf4 {[%clk
00:01:07]} 44. Qxa5 {[%clk 01:01:17]} {[%emt 00:01:17]} Rf8 {[%clk 00:01:09]}
{[%emt 00:00:27]} 45. Qb5 {[%clk 00:58:46]} {[%emt 00:03:02]} f3 {[%clk
00:01:08]} {[%emt 00:00:31]} 46. Ng4 {[%clk 00:59:14]} {[%emt 00:00:01]} Qg6
{[%clk 00:00:45]} {[%emt 00:00:53]} 47. Ne3 {[%clk 00:56:29]} {[%emt 00:03:16]}
Qh6+ {[%clk 00:00:49]} {[%emt 00:00:25]} 48. Kg4 {[%clk 00:56:58]} {[%emt
00:00:01]} Qg6+ {[%clk 00:00:44]} {[%emt 00:00:36]} 49. Kh3 {[%clk 00:57:26]}
{[%emt 00:00:02]} Qh6+ {[%clk 00:00:59]} {[%emt 00:00:15]} 50. Kg4 {[%clk
00:57:55]} {[%emt 00:00:01]} Qg7+ {[%clk 00:00:37]} {[%emt 00:00:52]} 51. Kh3
{[%clk 00:58:19]} {[%emt 00:00:06]} 1/2-1/2

[Event "Tournoi élite du Barreau de Paris"]
[Site "Paris, France"]
[Date "2021.09.18"]
[Round "8.3"]
[White "Razafindratsima, Timothe"]
[Black "Belkhodja, Slim"]
[Result "0-1"]
[TimeControl "90'+30\""]
[WhiteTitle "FM"]
[BlackTitle "GM"]
[WhiteElo "2387"]
[BlackElo "2358"]

1. e4 {[%clk 01:30:58]} {[%emt 00:00:02]} c5 {[%clk 01:25:22]} {[%emt
00:05:37]} 2. Nf3 {[%clk 01:31:16]} {[%emt 00:00:12]} Nc6 {[%clk 01:25:13]}
{[%emt 00:00:40]} 3. d4 {[%clk 01:31:36]} {[%emt 00:00:10]} cxd4 {[%clk
01:25:34]} {[%emt 00:00:09]} 4. Nxd4 {[%clk 01:32:01]} {[%emt 00:00:05]} e6
{[%clk 01:21:19]} {[%emt 00:04:44]} 5. Nc3 {[%clk 01:32:11]} {[%emt 00:00:21]}
d6 {[%clk 01:21:24]} {[%emt 00:00:26]} 6. Be3 {[%clk 01:29:48]} {[%emt
00:02:53]} Nf6 {[%clk 01:21:26]} {[%emt 00:00:28]} 7. Be2 {[%clk 01:27:23]}
{[%emt 00:02:56]} Be7 {[%clk 01:19:28]} {[%emt 00:02:27]} 8. O-O {[%clk
01:25:58]} {[%emt 00:01:56]} O-O {[%clk 01:19:44]} {[%emt 00:00:13]} 9. f4
{[%clk 01:26:09]} {[%emt 00:00:19]} a6 {[%clk 01:19:19]} {[%emt 00:00:56]} 10.
a4 {[%clk 01:21:33]} {[%emt 00:05:05]} Qc7 {[%clk 01:18:58]} {[%emt 00:00:50]}
11. Qe1 {[%clk 01:18:18]} {[%emt 00:03:46]} Re8 {[%clk 01:09:59]} {[%emt
00:09:29]} 12. Qg3 {[%clk 01:13:06]} {[%emt 00:05:41]} Nxd4 {[%clk 01:09:24]}
{[%emt 00:01:05]} 13. Bxd4 {[%clk 01:13:22]} {[%emt 00:00:14]} e5 {[%clk
01:09:36]} {[%emt 00:00:18]} 14. fxe5 {[%clk 01:10:37]} {[%emt 00:03:15]} dxe5
{[%clk 01:08:16]} {[%emt 00:01:49]} 15. Kh1 {[%clk 01:09:50]} {[%emt 00:01:17]}
Bd8 {[%clk 01:08:31]} {[%emt 00:00:15]} 16. Be3 {[%clk 01:10:02]} {[%emt
00:00:18]} Be6 {[%clk 01:06:55]} {[%emt 00:02:06]} 17. Bh6 {[%clk 01:02:37]}
{[%emt 00:07:56]} g6 {[%clk 01:06:26]} {[%emt 00:00:58]} 18. Rad1 {[%clk
01:00:48]} {[%emt 00:02:19]} Be7 {[%clk 01:01:37]} {[%emt 00:05:19]} 19. h4
{[%clk 00:47:42]} {[%emt 00:13:36]} Rad8 {[%clk 00:58:20]} {[%emt 00:03:48]} 20.
h5 {[%clk 00:47:39]} {[%emt 00:00:34]} Rxd1 {[%clk 00:57:40]} {[%emt 00:01:09]}
21. Rxd1 {[%clk 00:47:44]} {[%emt 00:00:24]} b5 {[%clk 00:55:46]} {[%emt
00:02:25]} 22. Bg5 {[%clk 00:37:12]} {[%emt 00:11:02]} b4 {[%clk 00:54:36]}
{[%emt 00:01:40]} 23. Bxf6 {[%clk 00:34:10]} {[%emt 00:03:32]} Bxf6 {[%clk
00:54:49]} {[%emt 00:00:17]} 24. Nd5 {[%clk 00:33:05]} {[%emt 00:01:35]} Bxd5
{[%clk 00:55:04]} {[%emt 00:00:15]} 25. exd5 {[%clk 00:33:25]} {[%emt
00:00:10]} Qxc2 {[%clk 00:55:08]} {[%emt 00:00:25]} 26. Bg4 {[%clk 00:32:44]}
{[%emt 00:01:11]} Qxb2 {[%clk 00:51:23]} {[%emt 00:04:15]} 27. d6 {[%clk
00:31:53]} {[%emt 00:01:21]} e4 {[%clk 00:44:30]} {[%emt 00:07:23]} 28. d7
{[%clk 00:30:44]} {[%emt 00:01:39]} Rd8 {[%clk 00:44:38]} {[%emt 00:00:22]} 29.
Rf1 {[%clk 00:25:56]} {[%emt 00:05:18]} Qe5 {[%clk 00:40:57]} {[%emt 00:04:11]}
30. Qe3 {[%clk 00:25:25]} {[%emt 00:01:01]} a5 {[%clk 00:32:26]} {[%emt
00:09:01]} 31. h6 {[%clk 00:21:49]} {[%emt 00:04:06]} Qg5 {[%clk 00:28:00]}
{[%emt 00:04:56]} 32. Qxe4 {[%clk 00:21:23]} {[%emt 00:00:57]} Qxh6+ {[%clk
00:28:20]} {[%emt 00:00:10]} 33. Bh3 {[%clk 00:21:12]} {[%emt 00:00:41]} Qg5
{[%clk 00:28:26]} {[%emt 00:00:23]} 34. Qc4 {[%clk 00:19:54]} {[%emt 00:01:49]}
Kg7 {[%clk 00:28:17]} {[%emt 00:00:39]} 35. Qb3 {[%clk 00:17:19]} {[%emt
00:03:05]} h5 {[%clk 00:27:04]} {[%emt 00:01:43]} 36. Qf3 {[%clk 00:16:12]}
{[%emt 00:01:38]} Qe5 {[%clk 00:23:49]} {[%emt 00:03:44]} 37. Qb7 {[%clk
00:11:28]} {[%emt 00:05:19]} Be7 {[%clk 00:21:29]} {[%emt 00:02:44]} 38. Rd1
{[%clk 00:08:41]} {[%emt 00:03:18]} g5 {[%clk 00:19:12]} {[%emt 00:02:47]} 39.
g3 {[%clk 00:02:48]} {[%emt 00:06:24]} Qxg3 {[%clk 00:19:09]} {[%emt 00:00:33]}
40. Qg2 {[%clk 00:02:52]} {[%emt 00:00:27]} Qh4 {[%clk 00:17:16]} {[%emt
00:02:22]} 41. Qh2 {[%clk 00:02:10]} {[%emt 00:01:12]} g4 {[%clk 00:16:40]}
{[%emt 00:01:06]} 42. Bg2 {[%clk 00:02:17]} {[%emt 00:00:23]} Qxh2+ {[%clk
00:16:38]} {[%emt 00:00:32]} 43. Kxh2 {[%clk 00:02:47]} {[%emt 00:00:01]} f5
{[%clk 00:16:30]} {[%emt 00:00:38]} 44. Rd5 {[%clk 00:03:05]} {[%emt 00:00:12]}
Kf6 {[%clk 00:16:33]} {[%emt 00:00:26]} 45. Bf1 {[%clk 00:03:20]} {[%emt
00:00:15]} Ke6 {[%clk 00:15:11]} {[%emt 00:01:52]} 46. Bc4 {[%clk 00:03:37]}
{[%emt 00:00:13]} Bd6+ {[%clk 00:15:29]} {[%emt 00:00:12]} 47. Kg2 {[%clk
00:04:06]} {[%emt 00:00:02]} Rxd7 {[%clk 00:15:16]} {[%emt 00:00:43]} 48. Rxa5+
{[%clk 00:04:29]} {[%emt 00:00:07]} Kf6 {[%clk 00:15:32]} {[%emt 00:00:14]} 49.
Rd5 {[%clk 00:04:44]} {[%emt 00:00:15]} h4 {[%clk 00:15:08]} {[%emt 00:00:54]}
50. Bd3 {[%clk 00:03:52]} {[%emt 00:01:23]} h3+ {[%clk 00:13:50]} {[%emt
00:01:47]} 51. Kh1 {[%clk 00:03:37]} {[%emt 00:00:45]} g3 {[%clk 00:11:19]}
{[%emt 00:03:02]} 52. Rxf5+ {[%clk 00:04:00]} {[%emt 00:00:07]} Ke6 {[%clk
00:11:41]} {[%emt 00:00:07]} 53. Rh5 {[%clk 00:03:51]} {[%emt 00:00:40]} g2+
{[%clk 00:11:59]} {[%emt 00:00:12]} 54. Kg1 {[%clk 00:04:20]} {[%emt 00:00:01]}
Bc5+ {[%clk 00:12:11]} {[%emt 00:00:17]} 55. Rxc5 {[%clk 00:04:48]} {[%emt
00:00:03]} Rxd3 {[%clk 00:12:30]} {[%emt 00:00:08]} 56. Rc1 {[%clk 00:05:10]}
{[%emt 00:00:11]} Rf3 {[%clk 00:12:44]} {[%emt 00:00:16]} 57. a5 {[%clk
00:05:34]} {[%emt 00:00:06]} Rf1+ {[%clk 00:12:00]} {[%emt 00:01:13]} 0-1